Closing the deficit : how much can later retirement help?
Ebook from IG Library
Сохранить в:
| Главный автор: | |
|---|---|
| Другие авторы: | |
| Формат: | |
| Язык: | Undetermined |
| Опубликовано: |
Brookings Institution Press
2013
|
| Предметы: | |
| Online-ссылка: | http://lrc.tdmu.edu.vn/opac/search/detail.asp?aID=2&ID=38593 |
| Метки: |
Добавить метку
Нет меток, Требуется 1-ая метка записи!
|
| Thư viện lưu trữ: | Trung tâm Học liệu Trường Đại học Thủ Dầu Một |
|---|
| LEADER | 00703nam a2200193Ia 4500 | ||
|---|---|---|---|
| 001 | TDMU_38593 | ||
| 008 | 210410s9999 xx 000 0 und d | ||
| 082 | |a 658.7 | ||
| 100 | |a Aaron, Henry J | ||
| 245 | 0 | |a Closing the deficit : how much can later retirement help? | |
| 245 | 0 | |c Henry J. Aaron, Gary Burtless | |
| 260 | |b Brookings Institution Press | ||
| 260 | |c 2013 | ||
| 300 | |a 153Pages | ||
| 520 | |a Ebook from IG Library | ||
| 650 | |a Kinh tế học; Kinh tế |x Nguồn nhân lực; Economics |x Labor economics | ||
| 700 | |a Burtless, Gary | ||
| 856 | |u http://lrc.tdmu.edu.vn/opac/search/detail.asp?aID=2&ID=38593 | ||
| 980 | |a Trung tâm Học liệu Trường Đại học Thủ Dầu Một | ||